A complete guide to zebra finches

Bibliographic Details
Main Author: Corbett, John L
Format: Book
Published: New Jersey : T.F.H Publication , 1987
Subjects:

MARC

LEADER 00000cam a2200000 7i4500
001 0000005311
002 000005736
005 20000330.0
020 |a 0866222766 
090 0 0 |a 636.6862   |b COR 
100 1 |a Corbett, John L 
245 1 2 |a A complete guide to zebra finches   |c John L.Corbett 
260 |a New Jersey :   |b T.F.H Publication ,   |c 1987 
300 |a 93p. :   |b ill. ;   |c 19cm. 
650 0 0 |a Zebra finch 
999 |a 037721   |b BUKU   |c PINJAMAN   |e PERPUSTAKAAN KOMUNITI PETALING JAYA